Handbuch der katholischen Dogmatik : Dritter Band /
Gorde:
| Egile nagusia: | |
|---|---|
| Formatua: | Liburua |
| Hizkuntza: | German |
| Saila: | (Theologische Bibliothek)
|
| Gaiak: | |
| Etiketak: |
Etiketarik gabe, Izan zaitez lehena erregistro honi etiketa jartzen!
|
MARC
| LEADER | 00000nam^a2200000^a^4500 | ||
|---|---|---|---|
| 001 | 000380525 | ||
| 005 | 20250526000000.0 | ||
| 009 | 20260310120609.754 | ||
| 037 | |a Acervo Xavier Clavigero | ||
| 041 | |a ALE | ||
| 082 | |a 230. |b SCH V. 3 | ||
| 100 | |a Scheeben, Matthias Joseph |e (autor) | ||
| 240 | 1 | 1 | |a [Handbuch der katholischen Dogmatik] |
| 245 | 1 | 0 | |a Handbuch der katholischen Dogmatik : |b Dritter Band / |c M.J. Scheeben. |
| 264 | |a Friburgo, Alemania : |b Herder, |c 1882 | ||
| 300 | |a X, 1012 p. ; |c 24.0 cm. | ||
| 336 | |a texto |b txt |2 rdacontenido | ||
| 337 | |a sin mediación |b n |2 rdamedio | ||
| 338 | |a volumen |b nc |2 rdasoporte | ||
| 440 | 1 | |a (Theologische Bibliothek) | |
| 501 | |a Encuadernación particular | ||
| 561 | |a Ex libris de Biblioth. Soc. Jesu Viennae | ||
| 561 | |a Ex libris de Gebunden Bei G. Hautter W. Sohn | ||
| 561 | |a Ex libris de Bibliotheca Soc. J. Residentiae Viennensis | ||
| 561 | |a Ex libris de Bibliotheca S.J. Viennae | ||
| 562 | |a Falta cubierta | ||
| 649 | |a XX | ||
| 650 | |a Iglesia Católica | ||
| 650 | |a Fe | ||
| 650 | |a Revelación | ||
| 650 | |a Misticismo Cristiano | ||
| 650 | |a Teología Doctrinal - |x Tema Principal | ||
| 650 | |a Catolicismo | ||
| 650 | |a Cristianismo | ||
| 650 | |a Religión | ||
| 910 | |a Fondo General | ||
| 920 | |a Impresos - Libros | ||
| 930 | |a Libros Antiguos y Raros | ||
| 905 | |a 108 | ||
| 901 | |a 0500275613 |b IT2 |c LRA |u 20250526 | ||
| 902 | |a https://opac.biblio.iteso.mx/vufind/Record/000380525 | ||